| 000 | 00636nam a2200205 i 4500 | ||
|---|---|---|---|
| 001 | bg | ||
| 100 | 1 | _aKEKIN, Jerzy | |
| 245 | 1 | 0 |
_aZarządzanie przedsiębiorstwem : _bwybrane problemy / _cJerzy Kekin ; Politechnika Częstochowska. |
| 260 |
_aCzęstochowa : _bWydaw. PC, _c1993. |
||
| 300 |
_a175, [1] s., [2] k. tabl. złoż. : _bwykr. ; _c24 cm. |
||
| 504 | _aBibliogr. s. 167-[176]. | ||
| 650 | 9 | _aZarządzanie | |
| 650 | 9 |
_aPrzedsiębiorstwo _xorganizacja |
|
| 655 | _aPodręczniki akademickie | ||
| 040 | _cBPK | ||
| 041 | 0 | _apl | |
| 080 | _a658.1/.5.012.4(075.8) | ||
| 942 | _cKS | ||
| 008 | s pl f |000 0 pol | ||
| 999 |
_c6759 _d6759 |
||
| 856 |
_uhttp://koha.tu.koszalin.pl/cgi-bin/koha/opac-detail.pl?biblionumber=6759 _yKatalog online BPK |
||